[Event "Championnat de France 2022"]
[Site "ALBI, France"]
[Date "2022.08.16"]
[Round "4.1"]
[White "Vasselin, Louis"]
[Black "Milojevic-Daim, Lola-Shaina"]
[Result "1/2-1/2"]
[WhiteElo "1716"]
[BlackElo "1671"]
[PlyCount "105"]
[EventDate "2022.??.??"]

1. e4 {2} c5 {27} 2. c3 {6} e5 {65} 3. d4 {89} cxd4 {71} 4. cxd4 {5} Bb4+ {23}
5. Bd2 {39} Bxd2+ {150} 6. Qxd2 {6} exd4 {203} 7. Qxd4 {55} Nf6 {24} 8. Qe5+ {
172} Qe7 {63} 9. Qxe7+ {6} Kxe7 {4} 10. Nc3 {16} d6 {398} 11. O-O-O {44} a6 {
378} 12. f3 {192} Be6 {156} 13. Nge2 {50} Nc6 {115} 14. Nf4 {97} g5 {472} 15.
Nfd5+ {34} Bxd5 {16} 16. Nxd5+ {17} Nxd5 {9} 17. Rxd5 {17} Ne5 {305} 18. Be2 {
137} Rac8+ {169} 19. Kb1 {198} Rc6 {290} 20. Rc1 {73} Rhc8 {57} 21. Rdd1 {361}
Rxc1+ {465} 22. Rxc1 {6} Rxc1+ {5} 23. Kxc1 {4} Ke6 {11} 24. Bd1 {88} Ng6 {359}
25. Bb3+ {105} Ke5 {373} 26. Bxf7 {137} Nh4 {16} 27. Bd5 {374} b6 {79} 28. Bc4
{2135} Nxg2 {727} 29. Bxa6 {7} Kf4 {57} 30. Be2 {43} Ke3 {26} 31. Bd1 {55} Ne1
{53} 32. a4 {58} h6 {145} 33. Bc2 {108} Nxf3 {202} 34. b4 {14} Kd4 {136} 35. a5
{19} bxa5 {40} 36. bxa5 {3} Kc5 {11} 37. a6 {46} Kb6 {8} 38. Bd3 {3} Nxh2 {44}
39. Kd2 {29} Ng4 {80} 40. Be2 {29} Ne5 {33} 41. Kc3 {72} g4 {301} 42. Kd4 {40}
g3 {16} 43. Bf1 {9} Ng4 {19} 44. Bh3 {103} Nf2 {225} 45. Bg2 {3} h5 {39} 46. e5
{8} dxe5+ {276} 47. Kxe5 {6} Nd3+ {21} 48. Ke4 {40} Ne1 {73} 49. Kf4 {14} h4 {
21} 50. Bh3 {23} g2 {30} 51. Bxg2 {3} Nxg2+ {6} 52. Kg4 {2} Kxa6 {16} 53. Kh3 {
2} 1/2-1/2

[Event "Championnat de France 2022"]
[Site "ALBI, France"]
[Date "2022.08.16"]
[Round "4.2"]
[White "Bourgoin, Cecile"]
[Black "Cochennec, Morgat"]
[Result "1-0"]
[WhiteElo "1679"]
[BlackElo "1649"]
[PlyCount "107"]
[EventDate "2022.??.??"]

1. d4 {348} Nf6 {139} 2. Nf3 {11} g6 {7} 3. Bf4 {5} Bg7 {7} 4. e3 {4} c5 {9} 5.
c3 {7} b6 {11} 6. Nbd2 {240} Bb7 {17} 7. h3 {92} O-O {19} 8. Bd3 {297} d5 {21}
9. O-O {33} Nc6 {37} 10. Qe2 {127} Nd7 {308} 11. Rad1 {538} e5 {261} 12. dxe5 {
10} Ncxe5 {36} 13. Bc2 {132} Re8 {235} 14. Nxe5 {269} Nxe5 {384} 15. Nf3 {200}
d4 {835} 16. Bxe5 {342} Bxe5 {112} 17. cxd4 {34} cxd4 {272} 18. Nxd4 {134} Bxd4
{21} 19. Qg4 {12} Qc7 {882} 20. Bxg6 {1046} hxg6 {23} 21. Rxd4 {18} Rad8 {83}
22. Rc4 {52} Qd7 {136} 23. Qf4 {99} Qd5 {174} 24. f3 {39} Rxe3 {384} 25. Rc7 {
216} Re2 {163} 26. Kh2 {176} Bc8 {468} 27. Rd1 {47} Be6 {683} 28. Rxd5 {24}
Rxd5 {26} 29. Rxa7 {370} Rdd2 {31} 30. Qg5 {87} Rxb2 {48} 31. a4 {49} Kg7 {87}
32. Ra8 {363} Ra2 {202} 33. h4 {69} Rab2 {140} 34. Rd8 {124} Ra2 {45} 35. Rd4 {
28} Rab2 {64} 36. f4 {68} Bf5 {37} 37. Rd6 {127} Kh7 {73} 38. h5 {76} Rxg2+ {15
} 39. Qxg2 {6} Rxg2+ {2} 40. Kxg2 {7} Bc2 {71} 41. hxg6+ {71} fxg6 {6} 42. Rd4
{35} Kg7 {456} 43. Kf3 {22} Kf6 {117} 44. Ke3 {50} Kf5 {128} 45. Rb4 {54} Bd1 {
542} 46. Kd2 {25} Bh5 {70} 47. Ke1 {158} Kg4 {396} 48. Kf2 {10} Kf5 {13} 49.
Rxb6 {83} Kxf4 {22} 50. a5 {10} g5 {206} 51. a6 {67} g4 {15} 52. a7 {9} g3+ {16
} 53. Kg1 {5} Bf3 {10} 54. Rf6+ {9} 1-0

[Event "Championnat de France 2022"]
[Site "ALBI, France"]
[Date "2022.08.16"]
[Round "4.3"]
[White "Deladerriere, Calypso"]
[Black "Smadi, Laurent"]
[Result "1/2-1/2"]
[WhiteElo "1674"]
[BlackElo "1770"]
[PlyCount "99"]
[EventDate "2022.??.??"]

1. e4 {2} e5 {14} 2. Nf3 {14} Nc6 {6} 3. Nc3 {12} Nf6 {30} 4. d4 {21} exd4 {40}
5. Nxd4 {11} Bb4 {9} 6. Nxc6 {17} bxc6 {16} 7. Bd3 {21} O-O {44} 8. O-O {23} d5
{49} 9. exd5 {31} cxd5 {32} 10. Bg5 {33} c6 {36} 11. Qf3 {23} Be7 {134} 12. h3
{98} Be6 {233} 13. Ne2 {169} c5 {886} 14. c3 {207} Rb8 {429} 15. b3 {110} Rb6 {
1325} 16. Rad1 {146} Nd7 {190} 17. Bxe7 {227} Qxe7 {8} 18. Nf4 {89} Nf6 {624}
19. Rfe1 {161} Qc7 {143} 20. Qg3 {787} Rc8 {557} 21. Bb1 {305} a5 {140} 22. Bc2
{690} c4 {396} 23. Re3 {102} Rc6 {421} 24. Rde1 {613} cxb3 {132} 25. Bxb3 {21}
Rxc3 {115} 26. Rxc3 {28} Qxc3 {20} 27. Qxc3 {5} Rxc3 {21} 28. Nxe6 {378} fxe6 {
64} 29. Rxe6 {6} Rc5 {86} 30. Kf1 {14} Kf7 {65} 31. Re5 {25} Rc1+ {66} 32. Ke2
{14} Rc7 {19} 33. Bxd5+ {46} Nxd5 {27} 34. Rxd5 {11} Rc2+ {10} 35. Rd2 {12} Rc3
{30} 36. f3 {101} a4 {31} 37. Kd1 {106} Kf6 {46} 38. Rc2 {247} Rd3+ {41} 39.
Ke2 {5} Ra3 {10} 40. Kf2 {18} g5 {57} 41. Re2 {406} h5 {40} 42. g3 {49} Kf5 {
736} 43. Kg2 {164} h4 {319} 44. Kf2 {333} Kf6 {64} 45. g4 {327} Kf7 {102} 46.
Kg2 {67} Kf6 {30} 47. Rd2 {255} Ke5 {118} 48. Kf2 {17} Ke6 {20} 49. Kg2 {161}
Ke5 {25} 50. Kf2 {7} 1/2-1/2

[Event "Championnat de France 2022"]
[Site "ALBI, France"]
[Date "2022.08.16"]
[Round "4.4"]
[White "Drumetz, Maxime"]
[Black "Lion, Pierre"]
[Result "0-1"]
[WhiteElo "1732"]
[BlackElo "1690"]
[PlyCount "85"]
[EventDate "2022.??.??"]

1. e4 {6} c5 {14} 2. Nf3 {13} d6 {5} 3. d4 {7} cxd4 {5} 4. Nxd4 {5} Nf6 {4} 5.
Nc3 {6} a6 {8} 6. Bg5 {18} e6 {8} 7. Qf3 {19} Nbd7 {9} 8. O-O-O {29} Qc7 {98}
9. Qg3 {105} b5 {105} 10. a3 {561} Rb8 {562} 11. f4 {532} b4 {284} 12. axb4 {24
} Rxb4 {49} 13. Qe3 {661} Be7 {1055} 14. Be2 {1048} O-O {180} 15. g4 {160} Qb6
{577} 16. b3 {102} Bb7 {715} 17. Na2 {594} Rc8 {379} 18. Nxb4 {247} Qxb4 {16}
19. Bd3 {684} Nc5 {403} 20. Kb1 {294} Ncxe4 {691} 21. Ne2 {228} Nxg4 {208} 22.
Qd4 {51} Qxd4 {65} 23. Nxd4 {6} Nc3+ {20} 24. Kb2 {24} Nxd1+ {15} 25. Rxd1 {6}
Bxg5 {11} 26. fxg5 {12} Nf2 {82} 27. Rd2 {27} Nxd3+ {10} 28. Rxd3 {8} Be4 {21}
29. Rd2 {74} d5 {51} 30. c3 {52} Kf8 {17} 31. Ne2 {99} f6 {56} 32. Nf4 {64} Ke7
{26} 33. h4 {25} Rd8 {99} 34. Nd3 {77} Bxd3 {29} 35. Rxd3 {5} fxg5 {17} 36.
hxg5 {6} Rf8 {11} 37. Rh3 {29} Rh8 {27} 38. Rh4 {35} Kf7 {17} 39. Ra4 {27} Ra8
{5} 40. b4 {11} Kg6 {22} 41. b5 {9} Rb8 {35} 42. Rxa6 {4} Rxb5+ {4} 43. Kc2 0-1

[Event "Championnat de France 2022"]
[Site "ALBI, France"]
[Date "2022.08.16"]
[Round "4.5"]
[White "Ladigue, Aurelien"]
[Black "Greuthier, Alois"]
[Result "1/2-1/2"]
[WhiteElo "1681"]
[BlackElo "1715"]
[PlyCount "146"]
[EventDate "2022.??.??"]

1. e4 {2} c6 {2} 2. c4 {21} d5 {5} 3. cxd5 {4} cxd5 {1} 4. exd5 {6} Nf6 {7} 5.
Nc3 {9} Nxd5 {16} 6. Nf3 {4} g6 {55} 7. Bc4 {41} Nb6 {51} 8. Bb3 {19} Bg7 {40}
9. d4 {22} O-O {20} 10. Ne5 {366} Nc6 {616} 11. Nxc6 {319} bxc6 {6} 12. Be3 {19
} Ba6 {34} 13. Qf3 {295} Bxd4 {600} 14. O-O-O {85} Bxe3+ {9} 15. fxe3 {37} Qc7
{191} 16. h4 {94} Bc4 {288} 17. Bc2 {426} Nd5 {556} 18. h5 {375} Qe5 {95} 19.
Nxd5 {482} Bxd5 {34} 20. e4 {166} Be6 {237} 21. hxg6 {61} fxg6 {24} 22. Qa3 {80
} Rab8 {318} 23. b3 {1384} Qa1+ {572} 24. Kd2 {94} Rf2+ {113} 25. Ke3 {254} Qf6
{14} 26. Qc5 {235} Qf4+ {345} 27. Kd4 {96} Qf6+ {309} 28. e5 {66} Qf4+ {190}
29. Kc3 {26} Bf5 {219} 30. Bxf5 {143} Qxf5 {28} 31. Rd3 {136} e6 {451} 32. Qd6
{169} Rf8 {83} 33. Qc7 {112} Rf7 {161} 34. Qd8+ {32} Rf8 {96} 35. Qc7 {7} Rf7 {
262} 36. Qd8+ {7} Kg7 {163} 37. Rxh7+ {23} Kxh7 {4} 38. Rh3+ {4} Qxh3+ {3} 39.
gxh3 {5} R2f3+ {99} 40. Kb4 {103} Rxh3 {27} 41. Qd6 {111} Rb7+ {676} 42. Kc4 {
318} Rh4+ {282} 43. Kc3 {12} Rh3+ {130} 44. Kd4 {73} Rb4+ {101} 45. Kc5 {13}
Rb5+ {7} 46. Kc4 {22} Rh5 {234} 47. Qe7+ {159} Kh6 {5} 48. Qf8+ {14} Kg5 {11}
49. Qf6+ {32} Kh6 {106} 50. Qh8+ {7} Kg5 {9} 51. Qf6+ {6} Kh6 {17} 52. Qf8+ {
349} Kg5 {107} 53. Qe7+ {28} Kh6 {33} 54. Qxe6 {101} Rhxe5 {7} 55. Qh3+ {23}
Kg5 {55} 56. Qg2+ {42} Kf5 {20} 57. Qf2+ {18} Ke4 {112} 58. Qd4+ {71} Kf5 {48}
59. Qxa7 {47} Rbc5+ {181} 60. Kb4 {50} Rb5+ {16} 61. Kc3 {22} Rbc5+ {54} 62.
Kb2 {100} Re2+ {28} 63. Ka3 {8} Rcc2 {12} 64. Qd7+ {18} Kf6 {52} 65. Kb4 {42}
Rxa2 {59} 66. Qxc6+ {22} Kf5 {5} 67. Qf3+ {33} Kg5 {97} 68. Kc5 {94} Ra5+ {108}
69. Kb6 {33} Ree5 {41} 70. Qg3+ {93} Kf5 {8} 71. Qd3+ {43} Kf6 {33} 72. Qd8+ {
195} Kf5 {16} 73. Qd3+ {35} Kf6 {8} 1/2-1/2

[Event "Championnat de France 2022"]
[Site "ALBI, France"]
[Date "2022.08.17"]
[Round "5.1"]
[White "Grulier, Ernest"]
[Black "Bourgoin, Cecile"]
[Result "1/2-1/2"]
[WhiteElo "1712"]
[BlackElo "1679"]
[PlyCount "74"]
[EventDate "2022.??.??"]

1. e4 {17} e6 {8} 2. d4 {18} d5 {4} 3. Nd2 {10} e5 {7} 4. dxe5 {247} dxe4 {69}
5. Nxe4 {140} Qxd1+ {7} 6. Kxd1 {18} Nc6 {22} 7. f4 {596} Bg4+ {81} 8. Be2 {216
} O-O-O+ {28} 9. Bd2 {163} Bxe2+ {120} 10. Nxe2 {116} f6 {245} 11. exf6 {457}
Nxf6 {9} 12. Nxf6 {86} gxf6 {6} 13. c3 {71} Bc5 {52} 14. Kc2 {150} Rhe8 {35}
15. Nc1 {395} Bb6 {471} 16. b4 {227} Re4 {580} 17. g3 {424} h5 {139} 18. a4 {
624} a5 {503} 19. b5 {46} Ne7 {371} 20. Nd3 {112} Nf5 {250} 21. Rhe1 {164} Rde8
{728} 22. Rxe4 {409} Rxe4 {5} 23. Re1 {24} Rxe1 {312} 24. Bxe1 {111} Bg1 {56}
25. Nf2 {213} Bxh2 {124} 26. Ne4 {93} Ne3+ {523} 27. Kd3 {104} Ng4 {17} 28. c4
{212} b6 {64} 29. Kd4 {112} Kd7 {117} 30. c5 {113} Bg1+ {42} 31. Kc4 {123} Ke6
{259} 32. Bc3 {141} Ne3+ {150} 33. Kd3 {31} Nd5 {237} 34. cxb6 {105} cxb6 {14}
35. Bd2 {47} f5 {80} 36. Ng5+ {24} Kd6 {129} 37. Be1 {77} Bc5 {51} 1/2-1/2

[Event "Championnat de France 2022"]
[Site "ALBI, France"]
[Date "2022.08.17"]
[Round "5.2"]
[White "Coudreau, Alexandre"]
[Black "Vasselin, Louis"]
[Result "0-1"]
[WhiteElo "1589"]
[BlackElo "1716"]
[PlyCount "120"]
[EventDate "2022.??.??"]

1. e4 {27} e6 {12} 2. d4 {33} d5 {6} 3. Nd2 {11} dxe4 {6} 4. Nxe4 {7} Nd7 {6}
5. g3 {39} Ngf6 {9} 6. Nxf6+ {8} Nxf6 {3} 7. Bg2 {6} c5 {9} 8. Nf3 {8} cxd4 {66
} 9. Qxd4 {17} Qxd4 {1097} 10. Nxd4 {12} a6 {39} 11. O-O {53} Bd6 {45} 12. Be3
{282} O-O {297} 13. Rad1 {86} Bc7 {33} 14. Rfe1 {299} Ng4 {82} 15. Bd2 {278}
Bb6 {58} 16. Be3 {884} Nxe3 {200} 17. Rxe3 {213} Rd8 {300} 18. c3 {274} f6 {98}
19. f4 {203} Re8 {145} 20. Kf1 {146} e5 {40} 21. Rde1 {315} Rf8 {14} 22. Bd5+ {
140} Kh8 {80} 23. fxe5 {47} fxe5+ {8} 24. Nf3 {5} Bxe3 {14} 25. Rxe3 {36} Bg4 {
165} 26. Kg2 {86} Bxf3+ {139} 27. Bxf3 {6} Rad8 {20} 28. Rxe5 {145} Rd2+ {5}
29. Re2 {7} Rxe2+ {4} 30. Bxe2 {4} Rd8 {1} 31. Kh3 {196} Rd2 {9} 32. Bf3 {4}
Rxb2 {6} 33. Bd5 {7} g5 {33} 34. Kg4 {25} h6 {221} 35. h4 {28} gxh4 {19} 36.
gxh4 {6} Rc2 {8} 37. Bxb7 {80} a5 {16} 38. Bd5 {210} Rxc3 {6} 39. a4 {68} Kg7 {
30} 40. Be6 {212} Kf6 {156} 41. Bd7 {19} Rc5 {125} 42. Kg3 {186} Rc4 {146} 43.
Bb5 {36} Rb4 {6} 44. Bc6 {26} Ke7 {84} 45. Kh3 {51} Rb6 {116} 46. Bd5 {74} Rb4
{336} 47. Bc6 {13} Kd6 {7} 48. Be8 {14} Re4 {13} 49. Bb5 {13} Kc5 {11} 50. Bd7
{83} Kb4 {10} 51. Bc6 {16} Rd4 {4} 52. Bb5 {34} Ka3 {7} 53. Kg3 {44} Rxa4 {7}
54. Bxa4 {6} Kxa4 {3} 55. Kg4 {3} Kb3 {11} 56. Kh5 {22} a4 {5} 57. Kxh6 {5} a3
{3} 58. h5 {16} a2 {4} 59. Kh7 {15} a1=Q {10} 60. h6 {13} Qf6 {34} 0-1

[Event "Championnat de France 2022"]
[Site "ALBI, France"]
[Date "2022.08.17"]
[Round "5.3"]
[White "Lion, Pierre"]
[Black "Menivale, Patrick"]
[Result "1-0"]
[WhiteElo "1690"]
[BlackElo "1633"]
[PlyCount "45"]
[EventDate "2022.??.??"]

1. e4 {3} e6 {8} 2. d4 {33} d5 {12} 3. Nd2 {35} Nf6 {24} 4. e5 {33} Nfd7 {8} 5.
Bd3 {18} c5 {11} 6. c3 {6} Nc6 {7} 7. Ne2 {15} cxd4 {30} 8. cxd4 {6} Qb6 {9} 9.
Nf3 {26} Be7 {32} 10. O-O {16} O-O {11} 11. Nf4 {559} Ndb8 {425} 12. Re1 {1881}
Bd7 {437} 13. h4 {102} Na6 {478} 14. Ng5 {170} Bxg5 {1677} 15. hxg5 {386} g6 {
121} 16. Nh5 {285} Be8 {529} 17. Nf6+ {114} Kg7 {7} 18. Qg4 {1574} Qxd4 {1345}
19. Re4 {17} dxe4 {185} 20. Qh4 {17} h5 {22} 21. gxh6+ {9} Kh8 {5} 22. Nd7 {51}
Rg8 {115} 23. Qf6+ {15} 1-0

[Event "Championnat de France 2022"]
[Site "ALBI, France"]
[Date "2022.08.17"]
[Round "5.4"]
[White "Milojevic-Daim, Lola-Shaina"]
[Black "Deladerriere, Calypso"]
[Result "1-0"]
[WhiteElo "1671"]
[BlackElo "1674"]
[PlyCount "59"]
[EventDate "2022.??.??"]

1. e4 {18} d5 {13} 2. exd5 {21} Qxd5 {10} 3. Nc3 {23} Qd6 {15} 4. d4 {50} a6 {
23} 5. Nf3 {23} Nf6 {24} 6. g3 {36} Bg4 {84} 7. Bg2 {386} Nc6 {28} 8. h3 {90}
Bh5 {184} 9. Bf4 {183} Qb4 {74} 10. Bxc7 {315} Qxb2 {115} 11. Na4 {142} Qb5 {
497} 12. Nb6 {450} e6 {2075} 13. c4 {1360} Qa5+ {68} 14. Kf1 {40} Ra7 {68} 15.
g4 {80} Bg6 {58} 16. Ne5 {59} Be4 {451} 17. g5 {272} Bxg2+ {101} 18. Kxg2 {8}
Ne4 {224} 19. Re1 {813} Nc3 {1525} 20. Qf3 {253} Nxe5 {64} 21. Rxe5 {112} Qb4 {
80} 22. a3 {905} Qb2 {123} 23. d5 {247} Be7 {146} 24. dxe6 {158} fxe6 {40} 25.
Rxe6 {53} Rf8 {12} 26. Qe3 {27} Rf7 {38} 27. Nc8 {37} Ne4 {70} 28. Rxe4 {10}
Kf8 {16} 29. Rxe7 {12} Rf5 {40} 30. Re8+ {10} 1-0

[Event "Championnat de France 2022"]
[Site "ALBI, France"]
[Date "2022.08.17"]
[Round "5.5"]
[White "Smadi, Laurent"]
[Black "Fesigny, Alexis"]
[Result "1/2-1/2"]
[WhiteElo "1770"]
[BlackElo "1685"]
[PlyCount "86"]
[EventDate "2022.??.??"]

1. e4 {9} e5 {8} 2. Nf3 {20} Nc6 {22} 3. Bb5 {15} a6 {23} 4. Ba4 {8} Nf6 {19}
5. O-O {31} b5 {44} 6. Bb3 {12} Be7 {12} 7. Re1 {55} d6 {217} 8. c3 {131} O-O {
64} 9. h3 {182} Nb8 {138} 10. d4 {153} Nbd7 {10} 11. Nbd2 {164} Bb7 {124} 12.
Bc2 {119} Re8 {29} 13. Nf1 {313} Bf8 {289} 14. Ng3 {456} g6 {252} 15. Nh2 {1549
} c5 {686} 16. d5 {72} Bg7 {693} 17. Be3 {249} Nb6 {332} 18. b3 {123} Bc8 {312}
19. Qd2 {149} Nxe4 {784} 20. Nxe4 {179} f5 {68} 21. Bg5 {238} Qc7 {90} 22. Nf6+
{56} Bxf6 {6} 23. Bxf6 {6} Qf7 {13} 24. Bh4 {449} Nxd5 {171} 25. Rad1 {628} Bb7
{46} 26. Bb1 {64} Nf4 {195} 27. f3 {54} d5 {59} 28. Nf1 {290} d4 {334} 29. cxd4
{220} cxd4 {117} 30. Bg5 {121} Nd5 {52} 31. Rc1 {47} Nc3 {117} 32. Rxc3 {80}
dxc3 {15} 33. Qxc3 {6} Rac8 {142} 34. Qe3 {88} Qc7 {117} 35. Bh4 {43} Qc5 {114}
36. Qxc5 {51} Rxc5 {1} 37. Bg3 {11} e4 {101} 38. fxe4 {53} Bxe4 {18} 39. Nd2 {
32} Bc6 {6} 40. Rxe8+ {63} Bxe8 {1} 41. Bf4 {520} Bc6 {227} 42. Kf2 {136} Rc1 {
241} 43. h4 {69} Kf7 {664} 1/2-1/2

[Event "Championnat de France 2022"]
[Site "ALBI, France"]
[Date "2022.08.18"]
[Round "6.1"]
[White "Vasselin, Louis"]
[Black "Lion, Pierre"]
[Result "1/2-1/2"]
[WhiteElo "1716"]
[BlackElo "1690"]
[PlyCount "76"]
[EventDate "2022.??.??"]

1. e4 {4} c5 {41} 2. c3 {5} Nf6 {9} 3. e5 {4} Nd5 {3} 4. d4 {3} d6 {10} 5. Nf3
{19} Nc6 {20} 6. dxc5 {232} dxe5 {159} 7. Bb5 {126} Bg4 {499} 8. h3 {103} Bxf3
{51} 9. Qxf3 {8} e6 {58} 10. Be3 {277} f5 {527} 11. g3 {158} e4 {276} 12. Qe2 {
27} Nxe3 {55} 13. Qxe3 {6} Rc8 {48} 14. Na3 {332} Qa5 {176} 15. Rd1 {436} Be7 {
130} 16. Qd4 {722} Kf7 {266} 17. Bxc6 {143} bxc6 {1265} 18. Nc4 {85} Qxc5 {211}
19. Ne5+ {33} Kg8 {20} 20. Qd7 {21} Qxe5 {60} 21. Qxc8+ {5} Kf7 {75} 22. Qxh8 {
428} e3 {31} 23. Rd7 {132} exf2+ {123} 24. Kxf2 {8} f4 {64} 25. gxf4 {407}
Qxf4+ {17} 26. Ke2 {255} Qe4+ {24} 27. Kd2 {4} Qg2+ {27} 28. Kd3 {36} Qxh1 {93}
29. Rxe7+ {301} Kxe7 {13} 30. Qxg7+ {4} Kd6 {97} 31. Qg3+ {454} e5 {88} 32. Kc2
{200} a5 {229} 33. Qd3+ {63} Qd5 {136} 34. Qxh7 {819} Qg2+ {21} 35. Kb3 {54}
Qd5+ {15} 36. Ka3 {107} Qc5+ {18} 37. Kb3 {33} Qb5+ {114} 38. Ka3 Kc5 1/2-1/2

[Event "Championnat de France 2022"]
[Site "ALBI, France"]
[Date "2022.08.18"]
[Round "6.2"]
[White "Bourgoin, Cecile"]
[Black "Milojevic-Daim, Lola-Shaina"]
[Result "1-0"]
[WhiteElo "1679"]
[BlackElo "1671"]
[PlyCount "91"]
[EventDate "2022.??.??"]

1. d4 {1} Nf6 {9} 2. Nf3 {12} g6 {19} 3. Bg5 {10} Bg7 {49} 4. Nbd2 {17} d5 {265
} 5. c3 {26} c6 {187} 6. Bxf6 {264} exf6 {61} 7. e4 {592} Qe7 {348} 8. Qe2 {83}
O-O {583} 9. O-O-O {181} dxe4 {621} 10. Qxe4 {399} Be6 {549} 11. Bc4 {883} f5 {
1082} 12. Qe3 {86} Re8 {883} 13. Rde1 {56} Na6 {215} 14. h4 {63} Nc7 {88} 15.
h5 {55} b5 {131} 16. Bb3 {138} Qd6 {206} 17. hxg6 {1133} Bxb3 {226} 18. Ne5 {
120} Bxe5 {157} 19. gxh7+ {37} Kh8 {9} 20. dxe5 {25} Qe6 {110} 21. Nxb3 {37}
Nd5 {23} 22. Qd4 {68} Rad8 {126} 23. Nc5 {27} Qe7 {97} 24. e6+ {89} f6 {10} 25.
Nd7 {24} Qg7 {59} 26. b3 {49} Qg5+ {35} 27. Kb2 {53} Nf4 {48} 28. e7 {77} Rc8 {
29} 29. Nxf6 {108} Nd3+ {43} 30. Kb1 {40} c5 {9} 31. Qxd3 {108} Qxf6 {7} 32.
Qe3 {337} Rc7 {71} 33. Qe5 {172} Qxe5 {5} 34. Rxe5 {3} Rcxe7 {5} 35. Rxf5 {62}
Re1+ {65} 36. Rxe1 {6} Rxe1+ {2} 37. Kc2 {127} Re2+ {13} 38. Kd3 {140} Rxa2 {28
} 39. Rxc5 {42} a6 {96} 40. Ke3 {217} Kxh7 {23} 41. g4 {8} Rb2 {38} 42. b4 {24}
Rb1 {33} 43. Kf4 {33} Rf1 {88} 44. f3 {45} Kg7 {50} 45. Ke4 {30} Kf7 {54} 46.
f4 {152} 1-0

[Event "Championnat de France 2022"]
[Site "ALBI, France"]
[Date "2022.08.18"]
[Round "6.3"]
[White "Grulier, Ernest"]
[Black "Contie, Lilio"]
[Result "1-0"]
[WhiteElo "1712"]
[BlackElo "1735"]
[PlyCount "87"]
[EventDate "2022.??.??"]

1. e4 {2} e5 {7} 2. Nf3 {4} Nc6 {9} 3. Bc4 {6} Nf6 {9} 4. d4 {12} exd4 {287} 5.
e5 {7} d5 {174} 6. Bb5 {5} Ne4 {72} 7. Nxd4 {16} Bd7 {77} 8. Bxc6 {10} bxc6 {11
} 9. O-O {9} Be7 {283} 10. f3 {222} Ng5 {105} 11. f4 {399} Ne4 {182} 12. Nc3 {
82} Nxc3 {110} 13. bxc3 {8} c5 {68} 14. Nb3 {157} Bc6 {260} 15. Be3 {81} c4 {
363} 16. Nd4 {62} Bb7 {377} 17. Qg4 {567} g6 {162} 18. f5 {461} c5 {208} 19. f6
{172} Bf8 {194} 20. Nb5 {715} Bc8 {172} 21. Qg3 {155} Be6 {187} 22. Rab1 {179}
h5 {177} 23. h4 {396} Qc8 {405} 24. Rb2 {253} a6 {107} 25. Nd6+ {46} Bxd6 {57}
26. exd6 {6} Rb8 {364} 27. Rfb1 {920} Rxb2 {19} 28. Rxb2 {2} Kd7 {182} 29. Qe1
{186} Re8 {229} 30. Qb1 {127} Bf5 {178} 31. Rb7+ {35} Ke6 {159} 32. d7 {48}
Qxd7 {74} 33. Rxd7 {4} Kxd7 {8} 34. Bf4 {38} Kc6 {28} 35. a4 {117} d4 {149} 36.
a5 {103} Re6 {38} 37. Qb8 {205} dxc3 {252} 38. Qc7+ {158} Kd5 {69} 39. Qxf7 {44
} Ke4 {160} 40. Bg5 {64} Bg4 {172} 41. Qb7+ {55} Kf5 {82} 42. Qd5+ {45} Re5 {41
} 43. Qxe5+ {32} Kxe5 {12} 44. f7 {6} 1-0

[Event "Championnat de France 2022"]
[Site "ALBI, France"]
[Date "2022.08.18"]
[Round "6.4"]
[White "Couet, Justin"]
[Black "Greuthier, Alois"]
[Result "0-1"]
[WhiteElo "1708"]
[BlackElo "1715"]
[PlyCount "115"]
[EventDate "2022.??.??"]

1. c4 {6} c6 {9} 2. g3 {4} d5 {5} 3. Bg2 {3} Nf6 {8} 4. Nf3 {76} Bf5 {69} 5.
O-O {190} e6 {6} 6. d3 {183} h6 {93} 7. Nbd2 {192} Be7 {500} 8. a3 {59} a5 {212
} 9. b3 {190} O-O {14} 10. Bb2 {46} Nbd7 {23} 11. Re1 {107} Bh7 {400} 12. Qc2 {
459} Rc8 {340} 13. Rac1 {854} Re8 {210} 14. Ne5 {256} Nxe5 {129} 15. Bxe5 {21}
Bxa3 {50} 16. Ra1 {55} Bb4 {85} 17. Bc3 {103} Bxc3 {460} 18. Qxc3 {79} Ra8 {249
} 19. d4 {316} b5 {421} 20. cxb5 {276} cxb5 {2} 21. Qc6 {23} Qd7 {61} 22. Qxd7
{722} Nxd7 {5} 23. e4 {30} dxe4 {210} 24. Nxe4 {23} Ra6 {139} 25. Nc3 {72} Bd3
{265} 26. Re3 {66} Bc2 {360} 27. Rc1 {193} Bf5 {334} 28. Nxb5 {54} Rd8 {31} 29.
Rc7 {140} Nf6 {337} 30. Re5 {453} a4 {45} 31. bxa4 {349} Ng4 {80} 32. Rec5 {75}
Rxa4 {13} 33. h3 {53} Ra1+ {106} 34. Rc1 {2} Rxc1+ {20} 35. Rxc1 {2} Nf6 {9}
36. Rd1 {107} Bc2 {123} 37. Rd2 {40} Bb3 {46} 38. Nc3 {181} h5 {42} 39. Ne2 {
135} Bc4 {83} 40. Nf4 {171} g6 {16} 41. Bf1 {472} Ne4 {532} 42. Rc2 {762} Bxf1
{38} 43. Kxf1 {2} Rxd4 {18} 44. Ke2 {37} Nf6 {104} 45. Ke3 {130} Ra4 {78} 46.
Rc8+ {45} Kg7 {9} 47. Rc7 {16} Ra6 {67} 48. Kd4 {51} g5 {31} 49. Nd3 {149} Rd6+
{503} 50. Kc4 {32} Nd5 {202} 51. Rb7 {77} Kf6 {71} 52. Rb1 {76} Ra6 {98} 53.
Nc5 {35} Ra2 {43} 54. Ne4+ {41} Kg6 {111} 55. Kd4 {17} Ra4+ {45} 56. Kd3 Ra2 {
120} 57. Kc4 {3} f5 {3} 58. Nc5 {7} 0-1

[Event "Championnat de France 2022"]
[Site "ALBI, France"]
[Date "2022.08.18"]
[Round "6.5"]
[White "Cochennec, Morgat"]
[Black "Mania, Clement"]
[Result "0-1"]
[WhiteElo "1649"]
[BlackElo "1793"]
[PlyCount "82"]
[EventDate "2022.??.??"]

1. e4 {3} Nc6 {61} 2. d4 {39} d5 {269} 3. exd5 {219} Qxd5 {26} 4. Nf3 {16} Bg4
{28} 5. Nc3 {97} Qa5 {201} 6. d5 {225} O-O-O {202} 7. Bd2 {487} Ne5 {757} 8.
Be2 {676} Bxf3 {628} 9. Bxf3 {560} Nc4 {161} 10. O-O {361} e6 {862} 11. Qe2 {
901} Nxd2 {361} 12. Qxd2 {7} exd5 {166} 13. Qd4 {185} Nf6 {285} 14. a3 {245}
Qc5 {282} 15. Qa4 {110} Kb8 {114} 16. Rad1 {143} Bd6 {41} 17. Nb5 {295} Be5 {81
} 18. b4 {148} Qb6 {6} 19. Rfe1 {59} Rhe8 {169} 20. c3 {207} c6 {129} 21. Nd4 {
75} Bxd4 {11} 22. cxd4 {32} Qxd4 {31} 23. h3 {78} Qc3 {43} 24. Rf1 {89} a6 {105
} 25. Qa5 {52} Rd6 {162} 26. Rc1 {79} Qd4 {7} 27. Rfd1 {36} Qa7 {10} 28. Qa4 {
96} Qb6 {8} 29. Qc2 {107} Rde6 {47} 30. Qf5 {153} g6 {131} 31. Qf4+ {16} Qc7 {
68} 32. Qd4 {46} Ne4 {96} 33. a4 {43} Qe5 {70} 34. Qb6 {116} Ng5 {128} 35. Bg4
{183} f5 {119} 36. h4 {50} Qc7 {92} 37. Qd4 {95} Re4 {9} 38. Qb2 {120} fxg4 {78
} 39. hxg5 {3} g3 {7} 40. f3 {49} Qb6+ {12} 41. Kf1 {55} Rh4 {53} 0-1